Wszystkie złe postacie z Skibidi toilet - Statystyki

Ogólne statystyki
  • Ten quiz został rozwiązany 67 razy
    39 od ostatniego zresetowania
  • Średni wynik to 15 z 120
Statystyki odpowiedzi
Pierwsze
Wystąpienie
Nazwa % Poprawnych
7 G-Man Toilet / Phase 1
58%
60 G-man Toilet / Phase 10
58%
62 G-man Toilet /Phase 11
58%
12 G-Man Toilet / Phase 2
58%
20 G-man Toilet / Phase 3
58%
33 G-man Toilet / Phase 4
58%
57(Part 3) G-man Toilet / Phase 9
58%
1 Normal Toilet
58%
6 DJ Toilet
46%
4 Large Toilet
42%
3 Giant Toilet
38%
16 Scientist Toilet
38%
2 Urinal Toilet
35%
9 Police Toilet
31%
16 Spider Toilet
27%
10 Holy Toilet
23%
28 Mafia Toilet
23%
18 Camo Toilet
19%
16 Cat Toilet
19%
38 G-man Toilet 2.0 / Phase 5
19%
47 G-Man Toilet 2.0 / Phase 6
19%
49 G-Man Toilet 2.0 / Phase 7
19%
17 Helicopter Toilet
19%
60 Astro Toilet
15%
29 Glitch Toilet
15%
4 Mini Toilet
15%
28 Tiny Toilet
15%
15 Assassin Toilet
12%
31 Infected Cameraman
12%
31 Infected Large Cameraman
12%
32 Infected Titan Speakerman
12%
39 Jet Pack Toilet
12%
9 Large Police Toilet
12%
67 (part 4) Buzzsaw G-man Toilet / Phase X
8%
33 Cameraman Toilet
8%
14 Child Toilet
8%
42 Claw Toilet
8%
16 Electric Toilet
8%
5 Flying Giant Toilet / Giant Summon
8%
5 Flying Large Toilet / Large Summon
8%
5 Flying Small Toilet
8%
41 Giant Police Toilet
8%
14 Giant Rocket Toilet
8%
60 Giant Spider Toilet
8%
14 Grandpa Toilet
8%
16 Groom Toilet
8%
37 Infected Large Speakerman
8%
31 Infected Speakerman
8%
30 Large Scientist Toilet
8%
13 Laser Giant Flying Toilet
8%
67 (part 4) Laser G-man Toilet / Phase XXX
8%
16 Miner Toilet
8%
67 (part 2) Muthant G-man Toilet / Phase 12
8%
67 (part 4) Nuclear G-man Toilet / Phase XX
8%
30 Parasitic Toilet
8%
17 Shot Spider Toilet
8%
8 Sollider Toilet
8%
16 Strongman Toilet
8%
57 (part 1) Super G-man Toilet /Phase 8
8%
11 Triple Giant Toilet
8%
55 Bathtub Toilet
4%
55 Blind Skeleton Toilet
4%
46 Blind Tank Toilet
4%
62 Buzzsaw Cameraman Toilet
4%
49 Buzzsaw Spider Toilet
4%
61 Car Buzzsaw Toilet
4%
64 Car muthant buzz toilet
4%
59 Cyber Laucher toilet
4%
58 Dual Buzzsaw Toilet
4%
65 Explosion Barrel flying toilet
4%
52 Fan Toilet
4%
48 Flying Buzzsaw Toilet
4%
47 Flying Dual Buzzsaw Toilet
4%
44 Flying Giant Rocket Launcher Toilet
4%
48 Flying Launcher Toilet
4%
52 Flying Spider Toilet
4%
57(part 2) Giant Blind Spider Buzzsaw Toilet
4%
67 (part 1) Giant Buzzsaw Car toilet
4%
59 Giant Buzzsaw Toilet
4%
65 Giant Buzz toilet
4%
44 Giant Claw Toilet
4%
50 Giant Flamethrower Toilet
4%
47 Giant Flying Parasitic Toilet
4%
47 Giant Glasses Spider Toilet
4%
43 Giant Glasses Toilet
4%
50 Giant Handsaw Toilet
4%
67 (part 4) Giant Helicopter Toilet
4%
62 Giant Jetpack toilet
4%
51 Giant Launcher Toilet
4%
32 Giant Militiant Toilet
4%
59 Giant Plane Launcher Toilet
4%
44 Giant Rocket Launcher Toilet
4%
67 (part 1) Giant triple laucher helicopter toilet
4%
43 Glasses Toilet
4%
22 Hydra Spider Toilet
4%
56 Infected Titan Speakerman 2.0
4%
62 Large Cameraman Toilet
4%
43 Large Glasses Toilet
4%
32 Large Parasitic Toilet
4%
66 Large striker toilet
4%
50 Laser Spider Toilet
4%
60 Mega Giant Buzzsaw Scientist Toilet
4%
66 Militiant helicopter toilet
4%
62 Nuclear Plane Giant toilet
4%
64 Nuke car toilet
4%
65 Plane Bombardier Toilet
4%
65 Plane Toilet
4%
65 Police Large flying Shot toilet
4%
26 Robber Toilet
4%
66 Robber triple laucher helicopter toilet
4%
67 (part 1) Shot Toilet
4%
41 Small Bathub Toilet
4%
66 Solider buzz toilet
4%
67 (part 1) Spider Buzzsaw Toxic Hat toilet
4%
63 Spider Jetpack Toilet
4%
67 (part 4) Spider Laser Scientist Toilet
4%
65 Striker Toilet
4%
53 Teleporter Ufo Toilet
4%
67 (part 2) Upgraded Mega Giant Buzzsaw Scientist Toilet
4%
61 Woman Toilet
4%
Nie znaleziono quizów pasujących do podanych kryteriów
Rozkład punktacji
Procent ludzi z każdym wynikiem
Percentyl według liczby udzielonych odpowiedzi
Twoja historia wyników
Nie rozwiązałeś tego quizu od ostatniego zresetowania